| 000 | 00883nac a22002531u 4500 | ||
|---|---|---|---|
| 010 | _a010409905 | ||
| 020 | _a1556640722 | ||
| 082 |
_a616.994 _bSch257 |
||
| 090 |
_c3441 _d3441 |
||
| 100 | _aSchein, Philip S. | ||
| 245 |
_aDecision making in oncology / _cPhilip S., Schein, |
||
| 260 |
_aToronto, Philadilphia: _bB C Dekker, 1989. _cC.1989. |
||
| 300 |
_a248p: _bill; _c32cm. |
||
| 490 | _a( Clinical decision making series) | ||
| 500 | _aDonations. | ||
| 500 | _aDonations - Bibliotheca Alexandrina. | ||
| 650 | _aOncology--Decision making. | ||
| 650 | _aCancer--Decision making. | ||
| 650 | _aMedical protocols. | ||
| 650 | _aEvidence-based medicine. | ||
| 650 | _aNeoplasms--diagnosis. | ||
| 942 |
_cBB _k616.994Sch257. |
||
| 999 |
_c3441 _d3441 |
||